Villes allemandes de plus de 100 000 habitants - Statistiques

Statistiques générales
  • Ce quiz a été pris 76 fois
  • Le résultat moyen est 29 sur 95
Statistiques - réponses
Indice Réponse % Correct
1 Berlin
99%
3 685 000 Berlin
99%
1 Hambourg
97%
1 865 000 Hambourg
97%
1 505 000 Munich
96%
1 Brême
89%
586k Brême
89%
1 025 000 Cologne
86%
756k Francfort-sur-le-Main
86%
603k Dortmund
84%
612k Leipzig
79%
613k Stuttgart
77%
530k Nuremberg
76%
565k Dresde
69%
522k Hanovre
67%
575k Essen
61%
619k Düsseldorf
60%
253k Kiel
59%
1 Sarre
54%
183k Sarrebruck
53%
309k Karlsruhe
51%
323k Bonn
50%
318k Mannheim
49%
225k Mayence
47%
130k Wolfsburg
47%
205k Rostock
44%
301k Augsbourg
43%
502k Duisbourg
43%
169k Leverkusen
40%
130k Ulm
39%
332k Bielefeld
36%
185k Potsdam
36%
359k Bochum
34%
110k Iéna
33%
267k Mönchengladbach
33%
268k Gelsenkirchen
30%
244k Magdebourg
30%
308k Münster
30%
217k Lübeck
29%
151k Ratisbonne
29%
219k Erfurt
27%
100k Kaiserslautern
27%
358k Wuppertal
27%
263k Aachen
26%
113k Coblence
23%
246k Chemnitz
21%
156k Heidelberg
21%
167k Darmstadt
20%
141k Ingolstadt
20%
156k Paderborn
20%
289k Wiesbaden
20%
197k Kassel
19%
127k Göttingen
17%
132k Fürth
16%
166k Osnabrück
16%
253k Brunswick
14%
1 Brandebourg
13%
119k Bremerhaven
13%
237k Fribourg-en-Brisgau
13%
135k Pforzheim
13%
214k Oberhausen
10%
177k Oldenburg
10%
116k Erlangen
9%
1 Hesse
9%
166k Solingen
9%
133k Würzburg
9%
190k Hagen
7%
180k Hamm
7%
132k Heilbronn
7%
231k Krefeld
7%
1 Saxe
7%
1 Bavière
6%
119k Reutlingen
6%
111k Bergisch Gladbach
4%
102k Moers
4%
105k Salzgitter
4%
1 Basse-Saxe
3%
119k Bottrop
3%
156k Herne
3%
133k Offenbach-sur-le-Main
3%
1 Rhénanie du Nord-Westphalie
3%
1 Rhénanie-Palatinat
3%
1 Schleswig-Holstein
3%
1 Thuringe
3%
1 Bade-Wurtemberg
1%
100k Gütersloh
1%
227k Halle (Saale)
1%
1 Mecklembourg-Poméranie Occidentale
1%
154k Neuss
1%
115k Recklinghausen
1%
114k Remscheid
1%
103k Siegen
1%
177k Ludwigshafen-sur-le-Rhin
0%
173k Müllheim-sur-la-Ruhr
0%
104k Treppes
0%
Aucun quiz correspondant
Distribution des résultats
% des personnes avec chaque résultat
Percentile par nombre de réponses
Votre historique - résultats
Vous n’avez pas pris ce quiz